| 000 | 00722nam a2200253Ia 4500 | ||
|---|---|---|---|
| 003 | OSt | ||
| 005 | 20220927105546.0 | ||
| 006 | a|||||r|||| 00| 0 | ||
| 007 | ta | ||
| 008 | 220926b |||||||| |||| 00| 0 eng d | ||
| 024 | _a174440 | ||
| 037 | _cReference Collections | ||
| 040 |
_aRTL _cRTL _beng |
||
| 041 |
_2eng _aeng |
||
| 082 | _a"V1N45(X:731).P0, P/UN" | ||
| 110 | _aUNITED NATIONS. | ||
| 245 | 0 |
_aDemand reduction _b A Glosory of terms. |
|
| 260 |
_aNew _bYork United Nations _c2000 |
||
| 300 |
_a"xv, 80p." _ccm. |
||
| 500 | _a0 Deep Studies on Drugs and crime. | ||
| 700 | _aUNITED NATIONS. | ||
| 942 |
_h"V1N45(X:731).P0, P/UN" _cCC |
||
| 999 |
_c693089 _d693089 |
||